| 000 | 004490000a22001690004500 | ||
|---|---|---|---|
| 003 | MACL | ||
| 005 | 20151230123116.0 | ||
| 008 | 151230b xxu||||| |||| 00| 0 eng d | ||
| 040 |
_aMACL _cMACL |
||
| 041 | _aEnglish | ||
| 082 | _a294.3/WOO | ||
| 100 |
_aWoodward, F L _924726 |
||
| 245 |
_aThe Book of The Gradual Sayings _bAnguttara Nikaya vol 2 |
||
| 260 |
_bLuzac & Company Ltd _c1952 |
||
| 650 |
_aReligion _924727 |
||
| 942 |
_cBK _k294.3/WOO _2ddc |
||
| 999 |
_c35276 _d35276 |
||